| 000 | 00724nam a2200169 i 4500 | ||
|---|---|---|---|
| 001 | 164427 | ||
| 003 | ES-MaACL | ||
| 005 | 20230906212932.0 | ||
| 008 | 021111s1887 sp |||| | spa d | ||
| 100 | 1 |
_aSalcedo, Gaspar. _9132329 |
|
| 245 | 1 | 0 |
_aDiscursos pronunciados en las sesiones del Congreso de los Diputados los días 28 y 30 de junio / _cpor el general Gaspar Salcedo, sobre las reformas militares. |
| 260 |
_aMadrid : _b[s.n.], _c1887 ( _fImp. de los Hijos de J.A. García) |
||
| 300 |
_a81 p. ; _c21 cm. |
||
| 650 | 0 | 4 |
_aEjército- _zEspaña- _yS.XIX. _9166099 |
| 651 | 4 |
_aEspaña- _xHistoria militar- _yS.XIX. _98374 |
|
| 852 |
_aES-MaACL _jT-795-F-3 _z- Enc. hol., falto de enc. original _z- Enc. en un vol. facticio |
||
| 999 |
_c164427 _d164427 |
||